| 000 | 01110nam a22002897a 4500 | ||
|---|---|---|---|
| 999 |
_c29228 _d29199 |
||
| 003 | EG-ScBUE | ||
| 005 | 20210711122257.0 | ||
| 008 | 200219s2006 ii f 001 0 eng d | ||
| 020 | _a8123912811 | ||
| 020 | _a9788123912813 | ||
| 040 |
_aEG-ScBUE _beng _erda _cEG-ScBUE _dEG-ScBUE |
||
| 082 | 0 | 4 |
_a572 _bLAL _222 |
| 100 | 1 |
_aLal, Harbans, _eauthor. |
|
| 245 | 1 | 2 |
_aA textbook of biochemistry for dental students : _bincluding practical exercises / _cHarbans Lal, Ph.D., professor of biochemistry, Pt. B. D. Sharma Postgraduate Institute of Medical Sciences, Rohtak (Haryana) and visiting assistant professor, Louisiana State University Medical Center, New Orleans, USA. |
| 250 | _aThird edition. | ||
| 264 | 1 |
_aNew Delhi : _bCBS Publishers & Distributors, _c2006. |
|
| 300 |
_a354 pages ; _c24 cm |
||
| 336 |
_2rdacontent _atext _btxt |
||
| 337 |
_2rdamedia _aunmediated _bn |
||
| 338 |
_2rdacarrier _avolume _bnc |
||
| 500 | _aIncludes index. | ||
| 650 | 7 |
_aDental chemistry. _2BUEsh |
|
| 650 | 7 |
_aBiochemistry. _2BUEsh |
|
| 653 |
_bENGCHE _cJune2021 |
||
| 655 |
_vReading book _934232 |
||
| 942 |
_2ddc _cBB |
||